| 000 | 00412nam a22001457a 4500 | ||
|---|---|---|---|
| 999 |
_c5449 _d5447 |
||
| 005 | 20210908164323.0 | ||
| 008 | 170409b xxu||||| |||| 00| 0 eng d | ||
| 020 | _a978-0-19-806911-9 | ||
| 041 | _aeng | ||
| 100 |
_aDEV, S. MAHENDRA _93852 |
||
| 245 | _aINCLUSIVE GROWTH IN INDIA (AGRICULTURE, POVERTY, AND HUMAN DEVELOPMENT) | ||
| 260 |
_aNEW DELHI _bOXFORD UNIVERCITY PRESS _c2007 |
||
| 300 | _a399 | ||
| 942 | _cBK | ||